000 00603nam a22001697a 4500
003 NUST
038 _aNusrat Nadeem
082 _a200
100 _aAkhtar, Muhammad Waseem
_9124806
245 _aSignal Processing Design and Performance Enhancement Techniques for Non-Orthogonal Multiple Access (NOMA)/
_cMuhammad Waseem Akhtar,
264 _aIslamabad;
_bSEECS NUST;
_c2021.
300 _a137,p;
_bill;
_c30,cm.
650 _aPhD-Electrical Engineering
_984162
700 _aSupervisor: Dr. Syed Ali Hassan
_996705
856 _uhttp://10.250.8.41:8080/xmlui/handle/123456789/34718
942 _2ddc
_cSC
999 _c610598
_d610598